| 000 | 00873cam a2200265 4500 | ||
|---|---|---|---|
| 001 | 1232972 | ||
| 003 | ARRUPE | ||
| 005 | 20161007111813.0 | ||
| 008 | 690318s1968 nyuac b 001 0 eng | ||
| 010 | _a 68058484 | ||
| 040 |
_aDLC _cDLC _dDLC |
||
| 050 | 0 | 0 |
_aND553.M3 _bS33 |
| 082 | 0 | 0 | _a759.4 |
| 100 | 1 |
_aSchneider, Pierre, _d1925- _926564 |
|
| 245 | 1 | 4 |
_aThe world of Manet, 1832-1883, _cby Pierre Schneider and the editors of Time-Life Books. |
| 260 |
_aNew York, _bTime-Life Books _c[1968] |
||
| 300 |
_a192 p. _billus. (part col.), ports. (part col.) _c32 cm. |
||
| 490 | 0 | _aTime-Life library of art | |
| 504 | _aBibliography: p. 186. | ||
| 600 | 1 | 0 |
_aManet, Edouard, _d1832-1883. _926565 |
| 710 | 2 |
_aTime-Life Books. _926560 |
|
| 906 |
_a7 _bcbc _corignew _du _encip _f19 _gy-gencatlg |
||
| 942 |
_2lcc _cMONOGRAPH |
||
| 999 |
_c125452 _d125452 |
||